Capitales les plus isolées - Statistiques

Statistiques générales
  • Ce quiz a été pris 7 061 fois
  • Le résultat moyen est 9 sur 21
Statistiques - réponses
Distance Capitale la plus proche Continent Capitale % Correct
2 324 km Wellington Océanie Canberra
89%
2 324 km Canberra Océanie Wellington
80%
1 152 km Séoul Asie Tokyo
72%
1 463 km Asunción Amériques Brasilia
63%
1 493 km Dublin Europe Reykjavik
62%
1 138 km Buenos Aires Amériques Santiago
61%
1 059 km Guatemala Amériques Mexico
54%
1 167 km Pékin Asie Oulan-Bator
54%
1 163 km Taipei Asie Manille
51%
1 076 km La Paz Amériques Lima
47%
1 076 km Lima Amériques La Paz
37%
1 396 km Honiara Océanie Port Moresby
37%
1 163 km Manille Asie Taipei
32%
1 073 km Suva Océanie Funafuti
29%
1 903 km Bandar Seri Begawan Asie Dili
27%
1 073 km Suva Océanie Port Vila
27%
1 343 km Mogadiscio Afrique Victoria
27%
1 684 km Manille Océanie Ngerulmud
24%
1 277 km Yaren Océanie Palikir
24%
1 253 km Yaren Océanie Honiara
23%
1 263 km Manille Asie Bandar Seri Begawan
16%
Aucun quiz correspondant
Distribution des résultats
% des personnes avec chaque résultat
Percentile par nombre de réponses
Votre historique - résultats
Vous n’avez pas pris ce quiz